00000000nam##2200000za#4500
0019.665402
003CaOODSP
00520220328113341
007ta
008150407|2004||||xxc|||||     f|0| 0 fre|d
020 |a0-662-68056-1
040 |aCaOODSP|bfre
041 |aeng
041 |afre
043 |an-cn---
0861 |aIu44-11/2004
1101 |aCanada. |bIndustrie Canada.
24510|aFeuille de route d'innovation sur les matières premières, les carburants et les produits industriels issus de la biomasse
260 |aOttawa - Ontario : |bIndustrie Canada |c2004.
69107|aBiotechnologie|2gcpds
7760#|tFeuille de route d'innovation sur les carburants et les prouduits industriels issus de la biomasse |w(CaOODSP)9.631363
7760#|tInnovation roadmap on bio-based feedstocks, fuels and industrial bioproducts |w(CaOODSP)9.686899
791 |tInnovation roadmap on bio-based feedstocks, fuels and industrial products |eeng|w(CaOODSP)9.665401
986 |a54125B